000 00812cam a2200241 a 4500
001 000014373
005 20200929163608.0
008 780213s1976 sp 000 0 spa
015 _aSp76-Oct
020 _a8473801288
040 _aDO-SdBNP
_bspa
_cDLC
_dBNPHU
082 _a973
_bM764d
100 1 _aMontaner, Carlos Alberto.
_b1943-
_932455
245 1 0 _a200 años de gringos /
_cCarlos Alberto Montaner ; editor José Mayá.
260 _aMadrid, España :
_bEdiciones Sedmay,
_c1976.
300 _a191 p. ;
_c18 cm.
651 4 _aEstados Unidos
_xCivilización
_y1945-
_99918
651 4 _aEstados Unidos
_xRelaciones Exteriores
_ySIGLO XX
_932456
651 4 _aEstados Unidos
_xExpanción Territorial
_932457
700 1 _aMayá, José
_eed.
_932458
910 _aCatalogación por copia/LC
049 _aBNGR
999 _c13965
_d13965